000 00803nam a2200289 i 4500
005 20260322212042.0
008 data
010 _a 77004570
020 _a002932680X :
_c{dollar}12.95
020 _a9780029326800 :
_c{dollar}12.95
040 _aDLC
_cDLC
_dCtY
050 0 _aHV8665
_b.T6
090 _aHV 8665.t6 T562l 1977
100 1 _aToch, Hans.
245 1 0 _aLiving in prison :
_bthe ecology of survival /
_cHans Toch.
260 0 _aNew York :
_bFree Press,
_cc1977.
300 _axii, 318 p. :
_bgraphs ;
_c25 cm.
500 _aIncludes index.
504 _aBibliography: p. 307-310.
520 _aThe ecology of survival.
590 _aBibliography: p. 307-310.
590 _aIncludes index.
650 0 _aPrisons.
650 0 _aPrison psychology.
650 0 _aPrisoners.
001 data
999 _c980
_d980